| 000 -LEADER | |
|---|---|
| fixed length control field | 01087nam a22002297a 4500 |
| 005 - DATE AND TIME OF LATEST TRANSACTION | |
| control field | 20250224105856.0 |
| 008 - FIXED-LENGTH DATA ELEMENTS--GENERAL INFORMATION | |
| fixed length control field | 230427b ||||| |||| 00| 0 eng d |
| 020 ## - INTERNATIONAL STANDARD BOOK NUMBER | |
| International Standard Book Number | 9780134653228 |
| 040 ## - CATALOGING SOURCE | |
| Transcribing agency | KCST |
| 082 ## - DEWEY DECIMAL CLASSIFICATION NUMBER | |
| Classification number | 428.24 |
| Item number | St Un |
| 100 ## - MAIN ENTRY--PERSONAL NAME | |
| Personal name | Steenburgh, Carrie, Zwier, Lawrence (series editor) |
| 9 (RLIN) | 5747 |
| 245 ## - TITLE STATEMENT | |
| Title | University success: Reading: Intermediate to high-intermediate / |
| Statement of responsibility, etc. | Carrie Steenburgh |
| 260 ## - PUBLICATION, DISTRIBUTION, ETC. | |
| Place of publication, distribution, etc. | Hoboken, NJ: |
| Name of publisher, distributor, etc. | Pearson Education; |
| Date of publication, distribution, etc. | 2018. |
| 300 ## - PHYSICAL DESCRIPTION | |
| Extent | xvi, 384 pages : |
| Other physical details | illustrations ; |
| Dimensions | 26 cm |
| 505 ## - FORMATTED CONTENTS NOTE | |
| Formatted contents note | <br/>pt. 1. Fundamental reading skills<br/>Bioethics<br/>Business and design<br/>Zoology<br/>History<br/>Chemical engineering<br/>pt. 2. Critical thinking skills<br/>Bioethics<br/>Business and design<br/>Zoology<br/>History<br/>Chemical engineering<br/>pt. 3. Extended reading<br/>Bioethics<br/>Business and design<br/>Zoology<br/>History<br/>Chemical engineering |
| 650 ## - SUBJECT ADDED ENTRY--TOPICAL TERM | |
| Topical term or geographic name entry element | English (Language) |
| Form subdivision | Reading |
| 9 (RLIN) | 5748 |
| 650 ## - SUBJECT ADDED ENTRY--TOPICAL TERM | |
| Topical term or geographic name entry element | Reading Comprehension |
| 9 (RLIN) | 5749 |
| 650 ## - SUBJECT ADDED ENTRY--TOPICAL TERM | |
| Topical term or geographic name entry element | Problems and Exercises |
| 9 (RLIN) | 5750 |
| 650 ## - SUBJECT ADDED ENTRY--TOPICAL TERM | |
| Topical term or geographic name entry element | Textbooks for foreign speakers |
| 9 (RLIN) | 5751 |
| 700 ## - ADDED ENTRY--PERSONAL NAME | |
| Personal name | Zwier, Lawrence |
| Titles and other words associated with a name | Series Editor |
| 9 (RLIN) | 5752 |
| 942 ## - ADDED ENTRY ELEMENTS (KOHA) | |
| Source of classification or shelving scheme | Dewey Decimal Classification |
| Koha item type | Course Textbook |
| Withdrawn status | Lost status | Source of classification or shelving scheme | Damaged status | Not for loan | Home library | Current library | Date acquired | Source of acquisition | Cost, normal purchase price | Total checkouts | Full call number | Barcode | Date last seen | Price effective from | Koha item type |
|---|---|---|---|---|---|---|---|---|---|---|---|---|---|---|---|
| Dewey Decimal Classification | KCST Library | KCST Library | 27/04/2023 | Free copy from publisher | 0.00 | 428.24 St Un | 1000000781 | 27/04/2023 | 27/04/2023 | Course Textbook | |||||
| Dewey Decimal Classification | KCST Library | KCST Library | 27/04/2023 | Free copy from publisher | 0.00 | 428.24 St Un | 1000000782 | 27/04/2023 | 27/04/2023 | Course Textbook | |||||
| Dewey Decimal Classification | KCST Library | KCST Library | 27/04/2023 | Free copy from publisher | 0.00 | 428.24 St Un | 1000000783 | 27/04/2023 | 27/04/2023 | Course Textbook | |||||
| Dewey Decimal Classification | KCST Library | KCST Library | 27/04/2023 | Free copy from publisher | 0.00 | 428.24 St Un | 1000000784 | 27/04/2023 | 27/04/2023 | Course Textbook |